| 000 | 00703nam a2200217 a 4500 | ||
|---|---|---|---|
| 001 | 000026391 | ||
| 003 | DO-SdBNP | ||
| 005 | 20221104113050.0 | ||
| 007 | ta | ||
| 008 | 110316s2007 dr a 000 0 spa d | ||
| 040 |
_aDO-SdBNP _bspa _cBNPHU |
||
| 082 |
_axxx _bG993t |
||
| 100 |
_aGuzmán, Rolando M. _918774 |
||
| 245 | 0 | 0 |
_aTamaño, eficiencia y uso de la capacidad instalada en las pequeñas y medianas empresas de República Dominicana _cRolando M . Guzmán ; Marina Ortiz |
| 260 |
_aSanto Domingo : _bAmigo del Hogar, _c2007. |
||
| 300 |
_a68 p. : _bil., gráf. ; _c23 cm. |
||
| 590 | _aInventariado, 2022 / DG | ||
| 700 |
_aOrtíz, Marina _eautora _918774 |
||
| 910 | _aDG | ||
| 942 |
_2ddc _cLBS1 |
||
| 999 |
_c52791 _d52791 |
||